[Event "Kuala Lumpur op"]
[Site "Kuala Lumpur"]
[Date "2014.04.07"]
[Round "4"]
[White "Atalik, Suat"]
[Black "Nguyen, Anh Dung"]
[Result "1/2-1/2"]
[WhiteElo "2562"]
[BlackElo "2453"]
[Annotator "Atalik,S"]
[PlyCount "61"]
[EventDate "2014.04.04"]
[EventType "swiss"]
[EventRounds "9"]
[EventCountry "MAS"]
[SourceTitle "CBM 161"]
[Source "ChessBase"]
[SourceDate "2014.07.16"]
[SourceVersion "1"]
[SourceVersionDate "2014.07.16"]
[SourceQuality "1"]

1. d4 d5 2. c4 c6 3. Nf3 Nf6 4. Nc3 a6 5. g3 $5 {The reason I switched the
move order} ({is} 5. a4 e6 6. g3 Nbd7 7. Bg2 Bb4 8. O-O O-O 9. Qc2 a5 $1 10.
Bf4 b6 11. cxd5 cxd5 12. Nb5 Ba6 13. Rfc1 Qe7 $11) 5... dxc4 (5... b5 6. b3 Bf5
7. Bg2 Ne4 8. Nxe4 (8. Bd2 $5) 8... Bxe4 9. O-O $14) (5... e6 6. Bg2 dxc4 7. a4
{transposes into the text.}) 6. a4 e6 (6... g6 7. Bg2 Bg7 8. O-O O-O 9. a5 (9.
e4 $44) 9... Ne8 $1 10. Qa4 Nd6 11. Bf4 Bf5 12. Rfe1 $44) 7. Bg2 c5 8. O-O Nc6
(8... cxd4 9. Nxd4 Bc5 (9... Nbd7 10. Nc2 Qc7 11. Qd4 $44) 10. Nc2 O-O 11. Ne3
Qc7 12. Nxc4 Bxf2+ 13. Rxf2 Qxc4 14. Rxf6 gxf6 15. Ne4 $44 {are all known
positions.}) 9. dxc5 Qxd1 10. Rxd1 $5 (10. Nxd1 Bxc5 11. Be3 Bb4 12. Bd2 $1 $44
(12. Rc1 Na5 13. Ne5 Nd5 14. Nxc4 Nb3 15. Rc2 Na1 $11)) 10... Bxc5 11. Bg5 $5 {
A strange idea to send the bishop first to g5 then to f4.} (11. Bf4) 11... O-O
(11... Bd7 $142 12. Rac1 (12. Nd2 Na5) 12... Be7 13. Nd2 Na5 14. Be3 Bd8 15.
Bd4 Bc7 16. Bxf6 gxf6 17. Nde4 Ke7 18. Nxf6 Rad8 $13) 12. h3 (12. Rac1 Ng4 13.
Ne4 Ba7 14. Rxc4 f5 15. Nc5 $13) 12... h6 (12... Na5 13. Ne5) 13. Bf4 Re8 $6 {
this gives White the upper hand.} (13... Bd7 14. Ne5 Nxe5 15. Bxe5 Bc6 16. Bxc6
bxc6 17. Bxf6 gxf6 18. Ne4 Be7 19. Rd7 Rfe8 20. Rc1 Rab8 21. Rxc4 Rxb2 22. e3
a5 23. Rxc6 f5 $11) 14. Ne5 g5 (14... Na5 15. Rac1) 15. Be3 Bxe3 16. Nxc6 (16.
Bxc6 $6 Bxf2+ 17. Kxf2 bxc6) 16... Bc5 17. Ne5 Rb8 18. Nxc4 $6 {The point
where I went wrong. White should not rush in recapturing c4!} (18. a5 Kg7 (
18... b5 19. axb6 Bxb6 20. Nc6 Rb7 21. Rxa6 Bc7 22. Ra8 Kg7 23. Na7 Rb8 $14)
19. Nxc4 (19. Na4 Bb4 20. Nxc4 e5) 19... Bd7 20. Nd6 Bxd6 21. Rxd6 Rec8 22. Ra3
$14) 18... b5 19. axb5 axb5 20. Ne5 (20. Nd6 Bxd6 21. Rxd6 Bb7 $11) 20... Bb7
21. Ra5 $2 {I completely overlooked his next move.} (21. Nd7 Nxd7 22. Rxd7 Re7
23. Rxb7 Rbxb7 24. Bxb7 Rxb7 25. Ra5 Bd4 $11) 21... Bb6 $1 22. Raa1 {A sad
retreat.} (22. Rxb5 $2 Ba6 23. Nc6 Bxb5 24. Nxb8 Rxb8 25. Nxb5 Bxf2+ 26. Kxf2
Rxb5 27. Rd2 Rb3 $17) 22... Bxg2 23. Kxg2 Bc7 24. Nd7 Nxd7 25. Rxd7 Be5 26.
Raa7 Bxc3 27. bxc3 Rf8 $11 28. Rab7 Rxb7 29. Rxb7 Rc8 30. Rxb5 Rxc3 31. e3
1/2-1/2

[Event "Izmir op 5th"]
[Site "Izmir"]
[Date "2006.09.19"]
[Round "10"]
[White "Atalik, Suat"]
[Black "Bojkov, Dejan"]
[Result "1-0"]
[WhiteElo "2619"]
[BlackElo "2445"]
[Annotator "Atalik,S"]
[PlyCount "85"]
[EventDate "2006.09.10"]
[EventType "swiss"]
[EventRounds "10"]
[EventCountry "TUR"]
[SourceTitle "EXT 2007"]
[Source "ChessBase"]
[SourceDate "2006.11.23"]
[SourceVersion "1"]
[SourceVersionDate "2006.11.23"]
[SourceQuality "1"]

1. d4 d5 {My opponent only recently started to play the Slav.} 2. c4 c6 3. Nf3
Nf6 4. Nc3 ({Sometime I have to learn} 4. e3 Bf5 5. Nc3 e6 6. Nh4 Bg6 7. Nxg6
hxg6 8. Rb1 $5 $13) 4... a6 5. cxd5 $5 {A last round game has its rules. I
wanted to play something which is tricky and I know better the subtleties even
if it is not that efficient against proper play.} cxd5 6. Bg5 Ne4 7. Bh4 Nc6 $6
{This made me to relieve.} ({The exact move order is} 7... Qa5 8. Qb3 e6 {
to keep Bd7-a4 possibility open in some lines.} 9. e3 (9. a3 Nxc3 (9... Bd7 10.
Rc1) 10. bxc3 Bd7 11. e3 Ba4 12. Qb2 Nd7 $15) 9... Bb4 10. Bd3 Nxc3 11. a3 Nc6
12. O-O Qa4 13. Qxa4 Nxa4 14. axb4 $44) 8. e3 Qa5 9. Qb3 e6 {My opponent
started to show some signs of lack of knowledge over the position.} ({I could
have vaguely remembered that} 9... Qb4 $142 {is a tough nut to crack.} 10. Qxb4
(10. Rc1 Bf5) 10... Nxb4 11. Rc1 Bf5 12. a3 Nxc3 13. Rxc3 Nc6 $11) 10. Bd3 $14
Nxc3 (10... f5 11. O-O Bd6 $14 {looked interesting to me.}) 11. bxc3 Bd6 12.
O-O Qc7 13. Bg3 Bxg3 14. fxg3 $1 {Most likely unexpected for my opponent
however I had to open lines.} h6 $6 {I do not see the purpose of this waste of
time.} (14... O-O 15. e4 dxe4 16. Bxe4 Bd7 17. g4 $40) 15. e4 dxe4 16. Bxe4 O-O
17. g4 $16 {White has definitely the upper hand since g4-g5 has already
started some action towards Black's king.} Qf4 $2 {This brave move catalyses
the events.} (17... Bd7 18. g5 Na5 19. Qc2 Bb5 20. Bh7+ $5 Kh8 21. Bd3 $16) 18.
Bxc6 ({I did not like the looks of} 18. Rae1 Qxg4 19. Qb6 $44) 18... bxc6 19.
Ne5 {White has some serious trumps in the current position. Stronger piece at
the moment, connected rooks, better pawn structure.} Qe3+ $2 {This move never
occured to me!} ({I was only looking at} 19... Qe4 20. Qb6 (20. Rae1 $6 Qd5 21.
Qa3 c5 $1 $132 22. dxc5 Bb7 23. Rf2 Rac8 24. c4 Qxc5 25. Qxc5 Rxc5 26. Nd7 Rxc4
27. Nxf8 Kxf8 28. h3 Ke7 $13) 20... c5 21. Rae1 Qd5 22. Nc6 Kh7 23. dxc5 Qxa2
24. Ne7 $40) 20. Kh1 c5 21. Rae1 Qg5 22. dxc5 $18 {White has a winning
position, however, still I had to be careful. My main concern was to blunder
something in time trouble or to give my opponent the possibility to play f6,
e5 which would have made the position highly unclear.} f6 23. Qb6 $3 $138 {
Not a difficult move to find but still it seems to have real punch.} a5 (23...
fxe5 $2 24. Rxf8+ Kxf8 25. Qc6 Rb8 26. Qd6+ $18) 24. c4 Qd2 25. Ng6 Re8 26. Qd6
$2 {I had difficulties to find a move and I immediately erred.} (26. Qc6 $1 Bd7
27. Qd6 $1 Qxd6 28. cxd6 $18) 26... Qg5 $6 {He had a better way.} (26... Rd8
27. Qe7 $18) 27. Ne7+ Kh8 28. Nd5 $18 Bb7 {This looked strange during the game.
} (28... Ba6 29. Nc7 Red8 30. Qxe6 $18) 29. c6 Rad8 30. Rxe6 {After this I
really got relieved.} Rg8 31. Qf4 {It looks risky but I have seen certain
tactics in advance.} (31. Qc5 Bc8 32. Re7 Qxg4 33. Rfe1 $18) 31... Qxf4 32.
Rxf4 Rge8 $1 33. c7 $8 (33. Rfe4 $2 Bxc6) 33... Rc8 34. Rxe8+ Rxe8 35. Rf1 $3 {
An extremely nasty move. White will defend his passer from c1 indirectly a la
Dr. Roentgen.} Rc8 36. Rc1 $18 {The win became trivial since Black's king can
not step on g8 because of the fork.} g6 37. Kg1 Kg7 38. Kf2 Kf7 39. Ke3 Ke6 40.
Kd4 Bxd5 (40... Kd6 41. c5+ Ke6 42. c6 Ba8 43. Kc5 $18) 41. cxd5+ Kd7 42. Rc6
Rxc7 43. Rxc7+ {Thus I have clinched to 2nd-5th places in the tournament.} 1-0

[Event "SLO-chT 09th"]
[Site "Bled"]
[Date "1999.11.12"]
[Round "5"]
[White "Atalik, Suat"]
[Black "Chernin, Alexander"]
[Result "1/2-1/2"]
[WhiteElo "2598"]
[BlackElo "2619"]
[Annotator "Atalik,S"]
[PlyCount "50"]
[EventDate "1999.11.08"]
[EventType "team-tourn"]
[EventRounds "7"]
[EventCountry "SLO"]
[SourceTitle "EXT 2000"]
[Source "ChessBase"]
[SourceDate "1999.11.16"]
[SourceVersion "1"]
[SourceVersionDate "1999.11.16"]
[SourceQuality "1"]
[WhiteTeam "Tolmin AET"]
[BlackTeam "Nova Gorica"]
[WhiteTeamCountry "SLO"]
[BlackTeamCountry "SLO"]

1. d4 d5 2. c4 c6 3. Nf3 Nf6 4. Nc3 a6 {Moldavian Slav,system found by their
late trainer Chebaneko and popularised by Bologan,gavrikov,Rogozenko,Komliakov.
These days everybody tried a bit of this.} 5. Ne5 {Most likelynot the most
ambitious one.} Nbd7 (5... dxc4 $5 6. a4 e6 $13) 6. Bf4 $6 (6. Nxd7 $5 Qxd7 $5
{almost never tried.} (6... Bxd7 7. Qb3 Bc8 8. Bf4) 7. a4 dxc4 8. a5 $36) 6...
dxc4 7. Nxc4 b5 8. Ne5 Bb7 9. e3 e6 10. Be2 c5 11. O-O Nxe5 (11... cxd4 12.
exd4 $5 $13 (12. Qxd4 Bc5 13. Qd1 $11)) 12. Bxe5 cxd4 13. Bxd4 Be7 14. Bf3 Qb8
$1 15. Bxb7 (15. Be5 $2 Qxe5 $1 16. Bxb7 Ra7 17. Bc6+ Kf8 $15) 15... Qxb7 16.
f4 O-O 17. Qf3 Qxf3 18. gxf3 {No more weakness on e4.} Rac8 19. Rac1 Rc4 $5 20.
b3 Rcc8 $8 21. Ne4 Nxe4 $6 (21... Nd5 22. Nc5 Rc6 23. Nd3 Rfc8 24. Rxc6 Rxc6
25. Rc1 Rxc1+ 26. Nxc1 $11) 22. fxe4 $11 Ba3 23. Rxc8 Rxc8 24. e5 $1 Kf8 25.
Kg2 Rc2+ $11 (25... Rc2+ 26. Rf2 Rxf2+ 27. Kxf2 $11) 1/2-1/2

[Event "EU-Cup 16th"]
[Site "Neum"]
[Date "2000.09.27"]
[Round "4.6"]
[White "Atalik, Suat"]
[Black "Volkov, Sergey"]
[Result "1/2-1/2"]
[WhiteElo "2549"]
[BlackElo "2554"]
[Annotator "Atalik,S"]
[PlyCount "24"]
[EventDate "2000.09.24"]
[EventType "team-swiss"]
[EventRounds "7"]
[EventCountry "BIH"]
[SourceTitle "CBM 080"]
[Source "ChessBase"]
[SourceDate "2001.01.25"]
[SourceVersion "1"]
[SourceVersionDate "2001.01.25"]
[SourceQuality "1"]
[WhiteTeam "Sarajevo Bosna"]
[BlackTeam "St Petersburg"]
[WhiteTeamCountry "BIH"]
[BlackTeamCountry "RUS"]

1. d4 d5 2. c4 c6 3. Nf3 Nf6 4. Nc3 a6 5. Ne5 Nbd7 6. Nxd7 Bxd7 (6... Qxd7 7.
a4 dxc4 8. a5 $36) 7. Qb3 dxc4 $1 $146 (7... b5 $6 8. cxd5 cxd5 (8... e6 $6 9.
dxe6 Bxe6 10. Qd1 c5 11. e3 $14) 9. Nxd5 Be6 10. Nxf6+ exf6 11. Qd3 Be7 12. e4
Bc4 13. Qe3 Rc8 14. Bd2 $16) (7... Bc8 8. cxd5 cxd5 9. a4 e6 10. Bf4 Bd6 11.
Bxd6 Qxd6 12. e3 $14) (7... e6 $6 8. cxd5 (8. Qxb7 Rb8 $11) 8... cxd5 9. Qxb7
Bd6 10. g3 O-O 11. Bg2 Qa5 12. Qb3 Rab8 13. Qd1 Ne4 14. Bd2 Bb4 15. Nxe4 dxe4
16. b3 Bc6 17. e3 $16) 8. Qxc4 (8. Qxb7 e5 $1 {Volkov} (8... e6 $6 9. e4 Rb8
10. Qxa6 Bb4 11. Qxc4 (11. e5 Ne4 12. Qxc4 Qa5 13. Qd3 $1 c5 (13... Nxc3 14.
bxc3 Bxc3+ 15. Bd2 Bxd2+ 16. Qxd2 $16) 14. Bd2 Nxd2 15. Qxd2 cxd4 16. Qxd4 Bc6
17. Be2 $13) 11... Nxe4 12. Bd3 Nd6 13. Qb3 $16) 9. e3 (9. dxe5 Bc5 $1 10. Na4
$1 (10. exf6 $2 Ra7 11. fxg7 Rg8 $17) 10... Ne4 $1 (10... Ra7 $6 11. Nxc5 Rxb7
12. Nxb7 Qb8 $1 13. Nd6+ Kf8 14. exf6 Qxd6 15. fxg7+ Kxg7 16. Bd2 $14) 11. Nxc5
Qa5+ 12. Kd1 Rd8 13. Nxe4 Bc8+ 14. Nd6+ Rxd6+ 15. exd6 Bxb7 16. Bd2 Qe5 17. Bc3
Qxd6+ 18. Ke1 O-O 19. Rd1 Qe6 20. h4 $17) 9... exd4 10. exd4 Bd6 11. Bxc4 Rb8
12. Qxa6 Ra8 $11) 8... b5 9. Qd3 e6 (9... Be6 $6 10. g3 Bc4 11. Qd1 e6 12. Bg2)
10. g3 c5 11. Bg2 Rc8 (11... c4 12. Qc2 Rc8 13. O-O Bc6 14. Bxc6+ Rxc6 15. Rd1
$13) 12. dxc5 Bxc5 (12... Bxc5 13. O-O b4 (13... O-O 14. Bg5 Bc6 15. Rad1 Be7
$11) 14. Ne4 Nxe4 (14... Bb5 15. Qxd8+ Kxd8 16. Nxc5 Rxc5 17. Bd2 Rc2 (17...
Nd5 18. Bf3 Rc2 19. Rfd1 $40) 18. Bxb4 Bxe2 19. Ba5+ $13) 15. Qxe4 (15. Bxe4
Bb5) 15... Bc6 16. Qe5 Bxg2 17. Kxg2 O-O 18. Be3 Bxe3 19. Qxe3 Qd5+ 20. f3 $11)
1/2-1/2

[Event "ROM-chT"]
[Site "Herculane"]
[Date "1996.??.??"]
[Round "3"]
[White "Atalik, Suat"]
[Black "Ionescu, Mihai"]
[Result "1-0"]
[WhiteElo "2535"]
[BlackElo "2325"]
[Annotator "Atalik,S"]
[PlyCount "57"]
[EventDate "1996.??.??"]
[EventType "team"]
[EventRounds "5"]
[EventCountry "ROU"]
[SourceTitle "CBM 056"]
[Source "ChessBase"]
[SourceDate "1997.02.01"]
[SourceVersion "1"]
[SourceVersionDate "1997.02.01"]
[SourceQuality "1"]

1. d4 d5 2. c4 c6 3. Nf3 Nf6 4. Nc3 a6 5. Bg5 Ne4 6. h4 Bf5 7. Qb3 b5 8. cxd5
Nxc3 9. Qxc3 (9. bxc3 cxd5 10. a4 Nc6 11. e3 bxa4 12. Qxa4 Bd7 13. Qa2 h6 14.
Bf4 e6 $10) 9... cxd5 (9... Qxd5 10. Nd2 f6 11. Bf4 Nd7 12. f3 e5 13. dxe5 fxe5
14. e4 Qd6 15. Be3 Be6 16. a4 $16) 10. e3 (10. Rc1 Nd7 (10... f6 11. Bf4 Kf7 $5
12. g3 $1 Bd7 13. Bg2 e6 14. O-O Nc6) 11. Qc6 f6 12. Bf4 e6 13. Bc7 Qc8 $13 14.
g4 $140 $2 Bxg4 15. Rg1 h5 16. Rxg4 hxg4 17. Qxe6+ Be7 18. Bd6 Qd8) 10... Nd7
11. Bd3 (11. Rc1 Nb6 12. Bf4 Rc8) 11... Rc8 12. Qd2 Bxd3 13. Qxd3 Qa5+ $2 (
13... h6 $6 14. Bf4 e6 15. Ke2 $1 (15. O-O Be7 16. Rfc1 O-O 17. a4 Qb6 $10)
15... Be7 16. g4 $1 $16) (13... f6 $1 14. Bf4 e6 15. O-O Be7 $1 (15... Kf7 16.
a4 Qb6 17. axb5 axb5 18. Rfc1 $18) 16. a4 Qb6 17. axb5 axb5 18. Rfc1 O-O $10)
14. Ke2 (14. Qd2 Qxd2+ 15. Kxd2 e6 16. Rhc1 Bb4+ 17. Kd3 O-O) 14... f6 $8 15.
Rhc1 $1 Rc4 (15... Rxc1 16. Rxc1 Qxa2 (16... fxg5 $2 17. Rc8+ Kf7 18. Qf5+ Nf6
19. Ne5+ Kg8 20. Qe6#) 17. Qf5 $1 Qxb2+ (17... Nb6 18. Rc6 Qxb2+ 19. Nd2 (19.
Rc2 Qb4) 19... Nc4 20. Rc8+ (20. Qe6 Qxd2+ 21. Kf3 Nd6 22. Rxa6 (22. Rxd6 Qd1+
23. Kg3 h5 24. Rxa6 Qg4+ 25. Qxg4 hxg4 26. Bf4) (22. Rb6 $2 Kd8 $17) 22... Qd1+
23. Kg3 Nf7 (23... Nb7 24. Ra8+ Nd8 25. Qxd5 e6 26. Rxd8+ Kf7 27. Qd7+) 24.
Qc6+) 20... Kf7 21. Qxd5+ Kg6 (21... e6 22. Qb7+ Be7 23. Rxc4 fxg5 24. Rc7 Re8
25. hxg5 a5 26. Rc5) 22. h5+ Kxh5 23. Bxf6+ Kg6 24. Qe4+) 18. Rc2 Qb3 19. Rc8+
Kf7 20. Qxd7) 16. Bf4 g6 17. b3 Rxc1 18. Rxc1 Bg7 19. Qc2 $1 O-O (19... e5 20.
dxe5 $1 fxe5 21. Qc8+ Qd8 22. Bxe5 $1) 20. Bc7 Qa3 21. Qc6 Rf7 22. Rc2 Nf8 23.
Qxd5 e6 24. Qd6 Qxd6 25. Bxd6 Ra7 26. Rc8 Kf7 27. Bc5 Rb7 28. Ra8 Nd7 29. Rxa6
1-0

[Event "Mar del Plata op 34th"]
[Site "Mar del Plata"]
[Date "2003.04.19"]
[Round "9"]
[White "Rubinetti, Jorge Alberto"]
[Black "Atalik, Suat"]
[Result "1/2-1/2"]
[WhiteElo "2434"]
[BlackElo "2568"]
[Annotator "Atalik,S"]
[PlyCount "24"]
[EventDate "2003.04.12"]
[EventType "swiss"]
[EventRounds "9"]
[EventCountry "ARG"]
[SourceTitle "EXT 2004"]
[Source "ChessBase"]
[SourceDate "2003.11.25"]
[SourceVersion "1"]
[SourceVersionDate "2003.11.25"]
[SourceQuality "1"]

{There was a one point difference of 1 point between me and the rest of the
field so I have decided to go for a draw which should provide me first place
in this tournament.Not winning a single tournament in the last two years
worked on me for this decision.} 1. d4 d5 2. c4 c6 3. Nf3 Nf6 4. e3 {Jorge
goes for the modern line.} Bf5 5. Nc3 a6 $5 {I prefer this to the confined
positions with usually whites initiative seen in} (5... e6 6. Nh4) 6. Bd3 {
The players with white pieces are fascinated with the tempo up e3,Bd3 Slav
however I am not afraid of the text.} Bxd3 7. Qxd3 e6 8. O-O Be7 9. e4 O-O {
Only psychological.} ({There is nothing wrong with the obvious.} 9... dxe4 10.
Nxe4 Nxe4 11. Qxe4 Nd7 12. Bf4 O-O 13. Rad1 Qa5 14. a3 Rad8 15. Qc2 Rfe8 16. b4
Qh5 17. Rfe1 Bf6 $11) 10. b3 (10. Bf4 {is similar with the above mentioned
lines.}) (10. exd5 cxd5 11. c5 b6 12. Be3 Nc6 $132) 10... dxe4 11. Nxe4 Nxe4
12. Qxe4 Nd7 {Here I have offered a draw and finished my tournament with a
victory!} 1/2-1/2

[Event "Sarajevo Bosnia 34th"]
[Site "Sarajevo"]
[Date "2004.05.18"]
[Round "1"]
[White "Sokolov, Ivan"]
[Black "Atalik, Suat"]
[Result "1/2-1/2"]
[WhiteElo "2690"]
[BlackElo "2558"]
[Annotator "Atalik,S"]
[PlyCount "85"]
[EventDate "2004.05.18"]
[EventType "tourn"]
[EventRounds "9"]
[EventCountry "BIH"]
[EventCategory "15"]
[SourceTitle "CBM 101"]
[Source "ChessBase"]
[SourceDate "2004.07.27"]
[SourceVersion "1"]
[SourceVersionDate "2004.07.27"]
[SourceQuality "1"]

1. d4 d5 2. c4 c6 3. Nc3 Nf6 4. e3 a6 5. Nf3 Bf5 $6 {I started to lose my
faith into this!} ({Ivan loves to play against} 5... b5 6. b3 Bg4 7. Be2 e6 8.
O-O (8. h3 Bxf3 (8... Bf5 9. c5 Nbd7 10. Bb2 Ne4 11. b4 a5 12. a3 $13) (8...
Bh5 9. O-O Nbd7 10. Bb2 Bd6 11. Ne5 Bxe2 12. Nxe2 Qc7 13. cxd5 cxd5 14. Rc1 Qb8
15. Nxd7 Nxd7 16. e4 dxe4 17. d5 O-O 18. dxe6 Nc5 19. Nf4 $1 $40 {Everyone
knew this move but it has become popular after Acs started to use it to beat
Movsesian in the great Camahiriyya of Libya!}) 9. Bxf3 Bb4 10. Bd2) 8... Nbd7
9. h3 Bh5 (9... Bf5 10. Bd3 $5) 10. Bb2 Bd6 11. Ne5 Bxe2 12. Nxe2 {transposes
to the not above above.}) 6. Qb3 (6. Bd3 {is not scary.} Bxd3 7. Qxd3 e6 8. O-O
Be7 9. e4 O-O 10. Bf4 Re8 11. Rfd1 dxe4 12. Nxe4 Nxe4 13. Qxe4 Nd7 $13) 6... b5
$5 {First shown to me by Gustafsson.} (6... Ra7 $6 7. cxd5 cxd5 8. Ne5 Nc6 (
8... Nbd7 $6 9. Be2 Nxe5 10. dxe5 Nd7 11. Qxd5 e6 12. Qd1 $16) 9. Be2 h6 $1 (
9... e6 $2 10. g4 Bg6 11. h4) 10. Bd2 e6 11. Qa4 Qb6 12. Rc1 Nd7 13. Nxd7 Kxd7
14. e4 $1 $16) 7. c5 $6 $146 {As far as I know this is a novelty.} (7. cxd5
$142 cxd5 8. a4 b4 9. Qxb4 Nc6 10. Qc5 Na5 11. Bxa6 Rxa6 12. Qb5+ Rc6 $8 (12...
Nd7 $2 13. Qxa6 Nb3 14. Ra3 Nxc1 15. Nxd5 e6 16. Rc3 $18) 13. Ne5 Bd7 14. Nxd7
Nxd7 (14... Kxd7 {looks crazy!} 15. e4 e6 16. Bg5 $44) 15. Bd2 Rc8 16. Nxd5 Nc4
(16... Nc6 $2 17. O-O $16) 17. Rc1 Nd6 18. Rxc8 Qxc8 19. Qa6 (19. Qa5 Nc4 20.
Nc7+ Kd8 21. Ne6+ Ke8 22. Nc7+ $11) 19... Qxa6 20. Nc7+ Kd8 21. Nxa6 Nc4 22.
Bc3 $16 {A good proof for its reliability is that Croat-Chilen GM Ivan Morovic
spoke postively about this line to me in Libya.}) 7... Nbd7 $5 {Playing this,
I have already planned the pawn sac which later happenned in the game.} (7...
a5 8. Ne5 Qc8 9. f3 a4 (9... g6 $6 10. Bxb5 cxb5 11. Nxd5 Be6 12. Qxb5+ Nbd7 (
12... Bd7 13. Qc4) 13. Nb6 Rb8 14. Nc6 Rxb6 15. cxb6 $16) 10. Qd1 g6 $13) 8. a4
g6 $5 {Another funny move. Since the position contains a lot of unorthodox
traits both players were consumming a lot of time and troubleshooting.} (8...
e5 $5 9. Qa3 Rb8 10. axb5 axb5 11. b4 e4 12. Nd2 Be7 $15) 9. Qa3 b4 {Is this a
good move? Well, I would say that it is pretty forced!} (9... Rc8 $2 10. Bd2
Bg7 11. axb5 axb5 12. Nxb5 cxb5 13. Ba5 b4 14. Qa4 Ra8 (14... Rc7 15. Ne5 $16)
15. Bxd8 Rxa4 16. Rxa4 Kxd8 17. Rxb4 Kc7 18. Ra4 Rb8 19. b4 Ne4 20. Ra7+ Rb7
21. Rxb7+ Kxb7 $16) (9... Rb8 $2 10. Na2 Bg7 11. Nb4 Qc8 12. axb5 axb5 13. Qa6
$18) 10. Qxb4 Rb8 11. Qa3 a5 12. Bd2 $2 {White neglects the development!} (12.
Be2 Bg7 13. O-O O-O 14. Bd2 Ne4 15. Nxe4 dxe4 16. Ne1 e5 17. Nc2 exd4 18. Nxd4
$16) 12... Ne4 $1 13. Nxe4 {He should not give up his black squared bishop yet!
} (13. Be2 Nxd2 14. Nxd2 e5 15. O-O exd4 16. exd4 Bg7 $44) 13... dxe4 14. Ng1
e5 15. Ne2 Be6 $1 16. Qc3 Bg7 17. Qc2 {He tries to round up my a5 pawn in a
better way.} (17. Qxa5 $6 Qxa5 18. Bxa5 Rxb2 19. Bc3 Rc2 20. Ra3 Ke7 21. Kd1
Ra2 22. Rxa2 Bxa2 $40) 17... O-O 18. Bc3 Re8 19. dxe5 (19. Qd2 Qh4 20. g3 Qh5
$40) 19... Nxc5 20. Nd4 {Black's attack started to shape up big time. Now
white has to look for ways to keep black tame.} Nb3 21. Nxb3 Bxb3 22. Qxe4 Bd5
23. Qf4 Qc7 24. Bc4 $1 {The best practical chance.} Bxe5 $2 $138 {Timid stupid
ans chiken shit! However I was in a real time trouble and could not figure out
whose king would stand more naked!} (24... Bxg2 $1 25. Rg1 Bd5 26. Rg5 (26.
Bxd5 cxd5 27. Rd1 Bxe5 28. Bxe5 Qxe5 29. Qxe5 Rxe5 30. Rd2 Rb4 31. Ke2 Rxa4 32.
Rgd1 Rb4 33. Rxd5 Rxb2+ 34. Kf3 Rxd5 35. Rxd5 a4 36. Ra5 $15) 26... h6 $1 (
26... f6 $5 27. Rg4 fxe5 28. Qe4 Qf7 29. O-O-O $13) 27. Rg4 Bxe5 28. Qxh6 (28.
Bxe5 Qxe5 29. Qxe5 Rxe5 30. b3 Rh5 31. h4 Bxc4 32. bxc4 Rb4 $17) 28... Bxc3+
29. bxc3 Qe5 30. Bxd5 Qxc3+ 31. Ke2 cxd5 32. Rag1 Rb2+ 33. Kf3 Re6 34. Qg5 $15)
25. Bxe5 Qxe5 26. Qxe5 Rxe5 27. Bxd5 Rxd5 28. Rb1 Rc5 $11 {Now we are heading
towards a dead draw.} 29. Kd2 Rd8+ 30. Ke2 Rc2+ 31. Kf3 Rdd2 32. Rhf1 Rxb2 33.
Rxb2 Rxb2 34. Rc1 Rb4 35. Rxc6 h5 {Draw offer} 36. e4 Rxa4 37. h4 Ra2 38. Ra6
Kf8 39. Ra7 Kg7 40. e5 Kf8 41. g3 Ra4 42. Ke3 Kg8 43. Ra8+ 1/2-1/2